| 000 | 01015cam a22002893a 4500 | ||
|---|---|---|---|
| 001 | 5112 | ||
| 003 | PGUSA | ||
| 005 | 20140828083113.0 | ||
| 008 | 040201s2004||||xxu|||||s|||||000 1 eng d | ||
| 040 |
_aPGUSA _beng |
||
| 042 | _adc | ||
| 050 | 4 | _aPR | |
| 100 | 1 |
_aLandor, Walter Savage, _d1775-1864 |
|
| 245 | 1 | 0 |
_aCitation and Examination of William Shakspeare, Euseby Treen, Joseph Carnaby, and Silas Gough, Clerk _h[electronic resource] / _cWalter Savage Landor |
| 260 |
_bProject Gutenberg, _c2004 |
||
| 506 | _aPublic domain in the USA. | ||
| 516 | _aElectronic text | ||
| 653 | _aBiographical fiction | ||
| 653 | _aGreat Britain -- History -- Elizabeth, 1558-1603 -- Fiction | ||
| 653 | _aShakespeare, William, 1564-1616 -- Fiction | ||
| 653 | _aSpenser, Edmund, 1552?-1599 -- Fiction | ||
| 653 | _aDramatists -- Fiction | ||
| 653 | _aEssex, Robert Devereux, Earl of, 1566-1601 -- Fiction | ||
| 830 | 0 |
_aProject Gutenberg _v5112 |
|
| 856 | 4 | 0 | _uhttp://www.gutenberg.org/ebooks/5112 |
| 942 | _cEB | ||
| 999 |
_c234441 _d234441 |
||